Design of concrete structures (Record no. 3628)

000 -LEADER
fixed length control field 00663nam a2200229 a 4500
001 - CONTROL NUMBER
control field 3628
003 - CONTROL NUMBER IDENTIFIER
control field BD-DhUET
008 - FIXED-LENGTH DATA ELEMENTS--GENERAL INFORMATION
fixed length control field 850621s1985 enka b 101 0 eng
020 ## - INTERNATIONAL STANDARD BOOK NUMBER
International Standard Book Number 007Y665486
040 ## - CATALOGING SOURCE
Original cataloging agency DLC
Transcribing agency DLC
Modifying agency BD-DhUET
082 00 - DEWEY DECIMAL CLASSIFICATION NUMBER
Classification number 624.183
Item number NIL/1986
100 ## - MAIN ENTRY--PERSONAL NAME
Personal name Nilson, Arthur H.
245 00 - TITLE STATEMENT
Title Design of concrete structures
Statement of responsibility, etc. by Arthur H. Nilson and George Winter
250 ## - EDITION STATEMENT
Edition statement 10th ed.
260 ## - PUBLICATION, DISTRIBUTION, ETC. (IMPRINT)
Place of publication, distribution, etc. New York:
Name of publisher, distributor, etc. McGraw Hill Book Company,
Date of publication, distribution, etc. 1986.
300 ## - PHYSICAL DESCRIPTION
Extent xi, 380 p. :
Other physical details ill. ;
Dimensions 23 cm.
490 ## - SERIES STATEMENT
Series statement Civil engineering series
504 ## - BIBLIOGRAPHY, ETC. NOTE
Bibliography, etc Includes bibliographies
650 #0 - SUBJECT ADDED ENTRY--TOPICAL TERM
Topical term or geographic name as entry element Reinforced concrete
700 ## - ADDED ENTRY--PERSONAL NAME
Personal name Winter, George
942 ## - ADDED ENTRY ELEMENTS (KOHA)
Koha item type General Book
Holdings
Damaged status Koha out on loan Location (home branch) Date acquired Koha date last borrowed Shelving location Withdrawn status Koha normalized classification for sorting Source of classification or shelving scheme Lost status Piece designation (barcode) Price effective from Not for loan Koha issues (times borrowed) Koha full call number Koha item type Sublocation or collection (holding branch) Copy number Koha date last seen Koha renewals
 2027-02-23Central Library, BUET2014-11-022026-02-23Circulation section 624_000000000000000_183NIL1986  778732014-11-02 6624.183/NIL/1986General BookCentral Library, BUET12026-02-231
  Central Library, BUET1990-10-23 Rental section 624_183000000000000_NIL_1986  778162024-12-04  624.183 NIL/1986Rental ItemCentral Library, BUET১০/ক-১2024-12-04 
  Central Library, BUET1990-10-23 Rental section 624_183000000000000_NIL_1986  778172024-12-04  624.183 NIL/1986Rental ItemCentral Library, BUET১০/ক-২2024-12-04 
  Central Library, BUET1990-10-23 Rental section 624_183000000000000_NIL_1986  778182024-12-04  624.183 NIL/1986Rental ItemCentral Library, BUET১০/ক-৩2024-12-04 
  Central Library, BUET1990-10-23 Rental section 624_183000000000000_NIL_1986  778192024-12-04  624.183 NIL/1986Rental ItemCentral Library, BUET১০/ক-৪2024-12-04 
  Central Library, BUET1990-10-23 Rental section 624_183000000000000_NIL_1986  778202024-12-04  624.183 NIL/1986Rental ItemCentral Library, BUET১০/ক-৫2024-12-04 
  Central Library, BUET1990-10-23 Rental section 624_183000000000000_NIL_1986  778212024-12-04  624.183 NIL/1986Rental ItemCentral Library, BUET১০/ক-৬2024-12-04 
  Central Library, BUET1990-10-23 Rental section 624_183000000000000_NIL_1986  778222024-12-04  624.183 NIL/1986Rental ItemCentral Library, BUET১০/ক-৭2024-12-04 
  Central Library, BUET1990-10-23 Rental section 624_183000000000000_NIL_1986  778232024-12-04  624.183 NIL/1986Rental ItemCentral Library, BUET১০/ক-৮2024-12-04 
  Central Library, BUET1990-10-23 Rental section 624_183000000000000_NIL_1986  778242024-12-04  624.183 NIL/1986Rental ItemCentral Library, BUET১০/ক-৯2024-12-04 
  Central Library, BUET1990-10-23 Rental section 624_183000000000000_NIL_1986  778252024-12-04  624.183 NIL/1986Rental ItemCentral Library, BUET১০/ক-১০2024-12-04 
  Central Library, BUET1990-10-23 Rental section 624_183000000000000_NIL_1986  778262024-12-04  624.183 NIL/1986Rental ItemCentral Library, BUET১০/ক-১১2024-12-04 
  Central Library, BUET1990-10-23 Rental section 624_183000000000000_NIL_1986  778272024-12-04  624.183 NIL/1986Rental ItemCentral Library, BUET১০/ক-১২2024-12-04 
  Central Library, BUET1990-10-23 Rental section 624_183000000000000_NIL_1986  778282024-12-04  624.183 NIL/1986Rental ItemCentral Library, BUET১০/ক-১৩2024-12-04 
  Central Library, BUET1990-10-23 Rental section 624_183000000000000_NIL_1986  778292024-12-04  624.183 NIL/1986Rental ItemCentral Library, BUET১০/ক-১৪2024-12-04 
  Central Library, BUET1990-10-23 Rental section 624_183000000000000_NIL_1986  778302024-12-04  624.183 NIL/1986Rental ItemCentral Library, BUET১০/ক-১৫2024-12-04 
  Central Library, BUET1990-10-23 Rental section 624_183000000000000_NIL_1986  778312024-12-04  624.183 NIL/1986Rental ItemCentral Library, BUET১০/ক-১৬2024-12-04 
  Central Library, BUET1990-10-23 Rental section 624_183000000000000_NIL_1986  778322024-12-04  624.183 NIL/1986Rental ItemCentral Library, BUET১০/ক-১৭2024-12-04 
  Central Library, BUET1990-10-23 Rental section 624_183000000000000_NIL_1986  778332024-12-04  624.183 NIL/1986Rental ItemCentral Library, BUET১০/ক-১৮2024-12-04 
  Central Library, BUET1990-10-23 Rental section 624_183000000000000_NIL_1986  778342024-12-04  624.183 NIL/1986Rental ItemCentral Library, BUET১০/ক-১৯2024-12-04 
  Central Library, BUET1990-10-23 Rental section 624_183000000000000_NIL_1986  778352024-12-04  624.183 NIL/1986Rental ItemCentral Library, BUET১০/ক-২০2024-12-04